000 00659nam a2200205 a 4500
001 000025504
005 20240422203112.0
008 110217s2004 dr r 000 0 spa d
040 _aDO-SdBNP
_bspa
_cBNPHU
082 _a362.8
_bS939p
100 1 _aSuárez Germán, Pedro A.,
_d1947-
_952147
245 1 0 _aProblema sociales /
_cPedro A. Suárez G.
260 _aSanto Domingo :
_bLozano,
_c[s.f.].
300 _a112 p. ;
_c22 cm.
504 _aBibliografía : p. 111-112.
590 _aInventariado, 2018/BT
650 0 _aProblemas sociales
_99290
651 4 _aRepública Dominicana
_xCondiciones Sociales
_946
910 _aValidado. Control de calidad. EMS
999 _c24996
_d24996